| 000 | 01835nam a22002297a 4500 | ||
|---|---|---|---|
| 005 | 20140925091112.0 | ||
| 008 | 140812s1921 ag ||||f |||| 00| 0 spa d | ||
| 040 |
_aCO-BoUCM _bspa _cSandra Yazo _dSandra Yazo |
||
| 041 | 0 | _aspa | |
| 082 | 0 | 4 |
_220 _a982.05 |
| 092 | _aE32N004 | ||
| 100 | 1 |
_aCárcano, Ramón J. _d1860-1946 _qRamón José _962629 |
|
| 245 | 1 | 0 |
_aDel sitio de Buenos Aires al campo de Cepeda _b(1852-1859) _cRamón J. Cárcano |
| 260 |
_aBuenos Aires (Argentina) _bImprenta y casa editora Coni _c1921 |
||
| 300 |
_a855 páginas _c18 x 12 cm. |
||
| 500 | _aDetalles físicos: Encuadernación rígida en cartón forrada en tela. Lomo en tela encolada y letras en dorado. Guardas en papel impreso. Portada impresa en una sola tinta. Texto en una columna con algunas notas al pie de página. Incluye un croquis de la Batalla de Cepeda. Ejemplar en regular estado de conservación. Empieza a desencuadernarse, varias hojas y cuadernillos sueltos. | ||
| 505 | 1 | _aRelaciones vecinales: El Brasil y el estado oriental ; Tratados de Lamas diplomáticas extorsiva (1851) ; Modificación de los tratados de Lamas ; De la peña, carneiro Leao y Florentino Castellanos ; Mediación del general Urquiza ; Argentina y Paraguay ; Santiago Derqui y Carlos Antonio López ; Tentativas de tratados y alianzas ; Discordia y organización internas: Orientación nacional de la revolución de septiembre ; Sitio de Buenos Aires ; Antagonismo histórico (1853) ; Congreso constituyente ; Tentativas de reconciliación nacional ; Fracaso del sitio ; Tratados de San José de Flores ; Constitución nacional ; Constitución nacional del estado de Buenos Aires (1853-1854). | |
| 506 | _aConsulta en sala | ||
| 650 | 7 |
_962638 _aHistoria _zArgentina |
|
| 690 |
_942842 _aHistoria de América |
||
| 942 |
_a21 _cLIBRO _e1 _2LOCAL _hE32N004 |
||
| 999 |
_c296621 _d296621 |
||